000 01402nac a2200265 a 4500
003 CO-PeBPM
005 20250902210140.0
007 ta
008 250902s1998 ck a|||| |||| 00| 0 spa d
020 _a9586071774
040 _aCO-PeBPM
_bspa
_cCO-PeBPM
_erda
041 _aspa
082 0 4 _a248.4 S349e
_222
100 1 _aSchmitt, Carlos Alfonso
_eautor
245 1 0 _aEn busca de libertad
_c/ Carlos Alfonso Schmitt; traducción María A. Villegas
250 _aCuarta edición
260 _aBogotá, Colombia
_b: San Pablo
_c, c1998
300 _a86 páginas
_bilustraciones en blanco y negro
_c21 centímetros
490 _aColección Encuentro
500 _aIncluye índice al final del texto
520 _aLibertad es una palabra que está siempre de moda. Naciones y continentes enteros luchan para liberarse del subdesarrollo. Minorías marginadas tratan de liberarse de intereses o prejuicios. Drogadictos, viciosos y neuróticos quieren liberarse de sus cadenas. Muchos corazones inquietos buscan la perfección, la libertad y quieren encontrar la felicidad y el bienestar. Cristo nos hizo libres con la entrega de su vida por amor y toca a cada uno de nosotros actualizarla en nuestra vida, en nuestra sociedad, luchando contra el odio, el egoísmo, poniendo amor y esperanza en los corazones
650 1 4 _aAscetismo
_2LEMB
765 _aEm busca da libertaçâo.
942 _2ddc
_cBK
_n0
999 _c61232
_d61232